MARC
|
|
|
|
| LEADER |
00000nam0a2200000 4500 |
| 001 |
118600 |
| 005 |
20231101215501.0 |
| 035 |
|
|
|a (RuTPU)RU\TPU\book\128327
|
| 090 |
|
|
|a 118600
|
| 100 |
|
|
|a 20070614d1989 km y0rusy50 ca
|
| 101 |
0 |
|
|a rus
|
| 102 |
|
|
|a RU
|
| 105 |
|
|
|a a z 001zy
|
| 200 |
1 |
|
|a Акриловые олигомеры. Синтез, свойства и применение
|e межвузовский сборник
|f Горьковский государственный университет им. Н. И. Лобачевского (ГГУ)
|
| 210 |
|
|
|a Горький
|d 1989
|
| 215 |
|
|
|a 75 с.
|c ил.
|
| 320 |
|
|
|a Библиография в конце статей
|
| 606 |
|
|
|a Олигомеры
|x Полимеризация каталитическая
|2 stltpush
|3 (RuTPU)RU\TPU\subj\46959
|9 66032
|
| 610 |
1 |
|
|a акриловые олигомеры
|
| 610 |
1 |
|
|a синтез
|
| 610 |
1 |
|
|a свойства
|
| 610 |
1 |
|
|a применение
|
| 610 |
1 |
|
|a олигомеры
|
| 610 |
1 |
|
|a сборники
|
| 675 |
|
|
|a 678.02:66.095.2
|v 3
|
| 712 |
0 |
2 |
|a Горьковский государственный университет им. Н. И. Лобачевского (ГГУ)
|2 stltpush
|3 (RuTPU)RU\TPU\col\2603
|
| 801 |
|
1 |
|a RU
|b 63413507
|c 20070614
|g PSBO
|
| 801 |
|
2 |
|a RU
|b 63413507
|c 20170703
|g PSBO
|
| 942 |
|
|
|c BK
|